Empleo público y carrera administrativa (Registro nro. 168233)
[ vista simple ]
| 000 -LEADER | |
|---|---|
| fixed length control field | 02275nam a22002537a 4500 |
| 007 - PHYSICAL DESCRIPTION FIXED FIELD--GENERAL INFORMATION | |
| fixed length control field | cr|||| |||| |
| 008 - FIXED-LENGTH DATA ELEMENTS--GENERAL INFORMATION | |
| fixed length control field | 191114s2018 co |||||s|||| 00||0 spa d |
| 020 ## - INTERNATIONAL STANDARD BOOK NUMBER | |
| International Standard Book Number | 978-958-762-875-3 |
| 035 ## - | |
| -- | 30670 |
| 040 ## - CATALOGING SOURCE | |
| Original cataloging agency | vLex |
| 090 ## - | |
| -- | 9997 |
| -- | 9997 |
| 100 1# - MAIN ENTRY--PERSONAL NAME | |
| Personal name | Pachón Lucas, Carlos |
| 245 10 - TITLE STATEMENT | |
| Title | Empleo público y carrera administrativa |
| Medium | [Recurso electrónico] : |
| Remainder of title | Entidades nacionales y territoriales / |
| Statement of responsibility, etc | Carlos Pachón Lucas |
| 256 ## - | |
| -- | Servicio en línea |
| 260 ## - PUBLICATION, DISTRIBUTION, ETC. (IMPRINT) | |
| Place of publication, distribution, etc | Bogotá: |
| Name of publisher, distributor, etc | Ediciones de la U, |
| Date of publication, distribution, etc | 2018 |
| 300 ## - PHYSICAL DESCRIPTION | |
| Extent | 1 recurso electrónico |
| 500 ## - GENERAL NOTE | |
| General note | Normas. Explicaciones. Síntesis de jurisprudencia. Índice temático remitido a normas La presente obra es el acopio normativo referido a la gestión del empleo público en sus componentes de: estructura del empleo, carrera administrativa, régimen salarial, formalización del empleo.Contiene, además de las normas actualizadas y concordadas: explicaciones, resúmenes de jurisprudencia de la Corte Constitucional y del Consejo de Estado, comentarios y aportes doctrinales del autor, y un índice remitido a normas para facilitar la consulta.Soluciona las dificultades de consulta por la dispersión normativa en estas materias. Aplica a las entidades nacionales y territoriales. (El trabajo complementa otro libro del mismo autor, un ensayo original y único denominado ?Los Servidores Públicos?).Es un libro de utilidad para los funcionarios que dirigen las áreas de talento humano, jurídica, administrativa, etc. y por supuesto para el conjunto de los servidores públicos. Orienta la actividad contencioso ? administrativa de origen laboral y la cátedra sobre gestión del talento humano referida al sector público colombiano. |
| 506 1# - RESTRICTIONS ON ACCESS NOTE | |
| Terms governing access | Disponible solo en los productos indicados |
| Authorized users | vLex Global |
| -- | vLex Global (Academic Edition, excluding Law Schools) |
| -- | vLex Global (U.S. Academic Edition, Law Schools) |
| -- | vLex Global (U.S. Academic Edition, excluding Law Schools) |
| -- | vLex Global (Academic Edition, Law Schools) |
| 650 04 - SUBJECT ADDED ENTRY--TOPICAL TERM | |
| Topical term or geographic name as entry element | Derecho Público y Administrativo |
| Geographic subdivision | Colombia |
| 740 0# - | |
| -- | vLex Libros (Servicio en línea) |
| 856 40 - LOCALIZACIÓN Y ACCESO ELECTRÓNICO | |
| Identificador Uniforme del Recurso (URI/URL) | https://app.vlex.com/#/sources/empleo-publico-y-carrera-administrativa-entidades-nacionales-y-territoriales-30670 |
| 942 ## - | |
| -- | RAA |
| 999 ## - | |
| -- | 168233 |
| -- | 168233 |
No hay ítems disponibles.